[Event "XVII MetLife Najdorf Open 2017"]
[Site "Warsaw"]
[Date "2017.07.10"]
[Round "2.29"]
[White "Sengupta, Deep"]
[Black "Mulet, Piotr"]
[Result "1-0"]
[WhiteElo "2596"]
[BlackElo "2307"]
[Annotator "TA"]
[PlyCount "61"]
[EventDate "2017.??.??"]
[EventType "swiss"]
[EventCountry "POL"]
[SourceTitle "playchess.com"]
[Source "ChessBase"]
[SourceQuality "1"]

{[%evp 15,61,64,66,20,27,0,42,40,25,22,40,12,50,64,81,79,81,93,148,149,245,254,475,470,433,408,648,637,871,885,888,871,861,839,902,891,1177,1200,1135,987,1003,1003,1177,1164,1230,1164,1518,1500]} 1. Nf3 Nf6 2. c4 g6 3. Nc3 c6 4. e4 Bg7 5. d4 d6 6. Be2 O-O 7. O-O Qc7 8. h3 e5 {LiveBook: 4 Games} 9. dxe5 {E91: King's Indian: Classical: 6 Be2, unusual replies including 6...c5 and 6...Bg4} (9. d5 c5 10. a3 Ne8 11. g4 Qe7 12. Bg5 f6 13. Bh4 Bh6 14. b4 b6 15. bxc5 bxc5 16. Kh1 Kh8 {½-½ (40) Jelen,I (2384)-Srebrnic,M (2333) Otocec 2009}) 9... dxe5 10. c5 Nbd7 11. Be3 {White is slightly better.} Nh5 12. b4 $146 {[%cal Bb2b4,Bb4c5][%mdl 32]} ({Predecessor:} 12. Qc2 Nf4 13. Bc4 Kh8 14. Rfd1 Nf6 15. Nd2 N6h5 16. b4 Qe7 17. Bf1 Ne6 18. Nc4 {0-1 (34) Othoneos,A-Mikrouleas,M Athens 1947}) 12... Nf4 13. Bc4 b6 14. Qc2 $36 {[%mdl 2048] White is pushing.} bxc5 15. bxc5 Nf6 16. Rfd1 {[%cal Bf1d1,Bd1d6,Bd6c6,Bc6c7,Bc7e7][%mdl 32]} N6h5 ({Better is} 16... Rb8) 17. Rd6 $16 Qe7 (17... Bxh3 $16 18. gxh3 Qc8) 18. Rad1 $18 ({Don't take} 18. Rxc6 $6 Bxh3 19. Nd5 (19. gxh3 Qd7 $11) 19... Qd7 $16) 18... Bxh3 $2 {[#]} (18... Be6) 19. gxh3 Nxh3+ 20. Kf1 g5 (20... Qe8 $142 21. Rd7 Rb8 22. Rxa7 Ra8) 21. Rxc6 {White is clearly winning.} g4 22. Nd5 Qe8 23. Nh4 Kh8 24. Rc7 N3f4 25. Nf5 Ne6 26. Re7 Qc8 27. Qa4 Nd4 28. Ba6 Qb8 29. Nxg7 Nxg7 30. Bb7 Nge6 31. Rxd4 {Precision: White = 78%, Black = 23%.} 1-0

[Event "XVII MetLife Najdorf Open 2017"]
[Site "Warsaw"]
[Date "2017.07.10"]
[Round "2.30"]
[White "Zhigalko, Andrey"]
[Black "Schroeder, Kevin"]
[Result "1-0"]
[WhiteElo "2564"]
[BlackElo "2321"]
[Annotator "TA"]
[PlyCount "57"]
[EventDate "2017.??.??"]
[EventType "swiss"]
[EventCountry "POL"]
[SourceTitle "playchess.com"]
[Source "ChessBase"]
[SourceQuality "1"]

{[%evp 12,57,27,19,31,15,20,11,15,19,37,18,16,16,38,25,13,19,38,37,94,106,112,103,101,105,214,206,324,322,428,413,427,417,512,513,505,493,668,554,525,468,1039,974,1232,1120,2125,2042]} 1. c4 Nf6 2. Nc3 c5 3. Nf3 d5 4. cxd5 Nxd5 5. d4 Nxc3 6. bxc3 e6 {A34: Symmetrical English: 2 Nc3, lines with ...d5} (6... g6 7. e3 Bg7 8. Bb5+ Nd7 9. a4 O-O 10. O-O b6 11. a5 Bb7 12. a6 Be4 13. Ng5 Nf6 14. Nxe4 Nxe4 15. Bb2 Rc8 16. Bd3 Nd6 17. Qe2 c4 18. Bc2 {1-0 (30) Korobov,A (2692)-Volokitin,A (2649) Rivne 2016}) 7. e3 {LiveBook: 9 Games} Qc7 8. Bb2 $146 ({Predecessor:} 8. Bd2 Be7 9. Be2 Nc6 10. O-O O-O 11. Re1 Rd8 12. Qb3 e5 13. Red1 {0-1 (57) Valov,V-Todorov,T (2175) Albena 2011}) 8... Nc6 {The position is equal.} 9. Bd3 Be7 10. O-O O-O 11. Qc2 h6 12. Rad1 $36 {[%mdl 2048] Black is under pressure.} Rd8 13. Bh7+ Kh8 14. Be4 {[%cal Bh7e4,Be4d5,Bd5b7][%mdl 32]} Bf6 15. dxc5 e5 (15... Bd7 $14) 16. c4 $16 Be6 17. Bd5 Nb4 18. Qb3 Na6 (18... Qxc5 $16 {was worth a try.} 19. Bxe6 (19. Nxe5 Nxd5 20. cxd5 Rxd5 $11) (19. Bxb7 Rxd1 20. Rxd1 Bxc4 $14) 19... fxe6) 19. Qxb7 $18 Qxb7 (19... Bxd5 $142 20. Qxc7 (20. Qxa6 Bxf3 21. gxf3 Qxc5 $14) 20... Nxc7) 20. Bxb7 Rxd1 21. Rxd1 Rb8 22. c6 {[%cal Bc5c6,Bc6d7][%mdl 32]} ({Not} 22. Bxa6 Rxb2 23. a4 Rc2 $16) 22... Nc5 23. Bxe5 {White is clearly winning.} Bxe5 24. Nxe5 f6 25. Nd7 Bxd7 26. cxd7 Nxb7 (26... Rd8 $142 27. Bc6 Kg8) 27. Rb1 Kh7 28. g3 Kg6 {[#]} 29. Rxb7 $1 {[%mdl 512] Precision: White = 71%, Black = 35%.} 1-0

[Event "XVII MetLife Najdorf Open 2017"]
[Site "Warsaw"]
[Date "2017.07.10"]
[Round "2.31"]
[White "Harazinska, Ewa"]
[Black "Jakubowski, Krzysztof"]
[Result "0-1"]
[WhiteElo "2269"]
[BlackElo "2518"]
[Annotator "TA"]
[PlyCount "44"]
[EventDate "2017.??.??"]
[EventType "swiss"]
[EventCountry "POL"]
[SourceTitle "playchess.com"]
[Source "ChessBase"]
[SourceQuality "1"]

{[%evp 17,44,14,31,-8,-10,-16,-22,-66,-67,-102,-124,-107,-83,-106,-87,-158,-139,-212,-227,-206,-219,-244,-253,-326,-313,-329,-323,-347,-265]} 1. d4 Nf6 2. c4 e6 3. Nc3 Bb4 4. Qc2 b6 5. e4 c5 6. e5 {E32: Nimzo-Indian: Classical (4 Qc2): 4...0-0} cxd4 7. a3 Bxc3+ 8. bxc3 Ng8 9. cxd4 Bb7 $1 {LiveBook: 11 Games} 10. Ne2 Nc6 11. Bb2 Rc8 12. Ng3 {[#] Ne4 is the strong threat.} Na5 $1 13. d5 $146 ({Predecessor:} 13. Rc1 Qh4 {0-1 (32) Arnaudov,P (2445)-Volokitin,A (2639) Struga 2014}) 13... Bxd5 $1 ({Reject} 13... exd5 $6 14. Nf5 $16) 14. Ne4 {aiming for Nd6+.} Bxe4 15. Qxe4 Ne7 16. Bc3 {[#]} (16. Be2 $142) 16... b5 $1 {[%cal Ra5c4][%mdl 512]} 17. c5 (17. Be2 $17 {is a better defense.}) (17. cxb5 Rxc3) 17... Rxc5 $19 18. Bb4 Rd5 19. Be2 Nac6 20. f4 {Black has a decisive advantage.} Nxb4 21. axb4 Qb6 22. Rf1 Nc6 {Precision: White = 13%, Black = 79%.} 0-1

[Event "XVII MetLife Najdorf Open 2017"]
[Site "Warsaw"]
[Date "2017.07.10"]
[Round "2.32"]
[White "Socko, Monika"]
[Black "Siekanski, Janusz"]
[Result "1-0"]
[WhiteElo "2480"]
[BlackElo "2287"]
[Annotator "TA"]
[PlyCount "120"]
[EventDate "2017.??.??"]
[EventType "swiss"]
[EventCountry "POL"]
[SourceTitle "playchess.com"]
[Source "ChessBase"]
[SourceQuality "1"]

{[%evp 22,120,25,22,14,49,75,54,54,53,54,47,46,47,65,63,70,72,82,81,107,86,129,128,137,137,147,103,179,168,193,179,221,226,226,233,251,243,295,191,238,220,228,200,208,206,219,210,184,78,76,71,97,97,112,111,183,201,260,253,281,274,283,274,275,256,310,317,311,312,304,297,342,275,326,274,307,284,283,276,283,283,272,285,275,282,279,278,356,350,593,587,5622,5514,29979,29980,29981,29982,29982,29981,29981]} 1. d4 d5 2. c4 e6 3. Nc3 c5 4. cxd5 exd5 5. Nf3 Nc6 6. g3 Nf6 7. Bg2 Be7 8. O-O O-O 9. dxc5 Bxc5 10. a3 Ne4 {D34: Tarrasch Defence: 6 g3 Nf6 7 Bg2 Be7} (10... Re8 11. b4 Bb6 12. Bb2 Bg4 13. Rc1 h6 14. Na4 Qe7 15. Nxb6 axb6 16. Re1 Rad8 17. Qd3 Bxf3 18. Qxf3 Ne5 19. Qf4 Nc4 20. Bxf6 Qxf6 21. Qxf6 gxf6 22. Bxd5 Nxa3 23. Bxb7 {1-0 (46) Bacrot,E (2692)-Berelowitsch,A (2521) Germany 2016}) 11. Nxd5 Be6 12. Nc3 {LiveBook: 12 Games} Qxd1 {The position is equal.} 13. Nxd1 Bb3 $146 ({Predecessor:} 13... Bc4 14. Re1 Rfe8 15. Be3 Bxe3 16. Nxe3 Bb3 17. Nf5 Rad8 18. e3 {1-0 (29) Berry,N (2355)-Cafolla,P (2067) Douglas 2015}) 14. Nd2 Nxd2 15. Bxd2 Rad8 16. Bf4 Nd4 17. Nc3 b6 18. Rac1 h6 19. e3 Ne6 20. Ne4 Rd3 21. Nxc5 bxc5 22. Be5 Rfd8 23. Be4 $36 {[%mdl 2048] White is in control.} R3d7 24. Bc2 Bd5 (24... Bxc2 $16 {keeps fighting.} 25. Rxc2 f6) 25. f4 $18 c4 26. Ba4 Nc5 27. Bxd7 Rxd7 28. Bd4 Nd3 29. Rc2 f5 30. Rd1 {b3! is the strong threat.} Rb7 31. b4 Kf7 32. Rc3 a6 33. Kf1 g6 34. Ke2 Ke6 35. g4 (35. Rc2 $18) 35... fxg4 $16 36. Rdxd3 cxd3+ 37. Kxd3 {[%mdl 4096] Endgame Threatens to win with e4. KRB-KRB} Bg2 38. e4 Bf1+ (38... Re7 $16 39. Ke3 Kf7) 39. Ke3 $18 Bb5 {[#]} 40. Rc8 $1 {[%cal Rc8g8]} Re7 41. Rg8 Be8 42. Bc5 Kf7 43. Rh8 {aiming for Rh7+.} Kg7 44. Bd4+ ({Not} 44. Bxe7 Kxh8 45. Kd4 Kg7 $16) 44... Kf7 45. Rh7+ Ke6 46. Rxh6 Kd7 47. Rh4 Ke6 48. Rxg4 Rc7 49. Bc5 Rh7 50. h4 Rh5 51. Kd2 Kf7 52. Bf2 Bc6 53. Ke3 Rh8 54. Rg5 Re8 55. e5 Rh8 $2 {[#]} (55... Ba4 56. h5 gxh5 57. Rf5+ Kg7 58. Rxh5 Re6) 56. h5 $1 Rxh5 (56... gxh5 57. Bh4) 57. Rxh5 gxh5 58. f5 {White mates.} Bb7 59. Bh4 Bc8 60. Ke4 Bd7 {Precision: White = 78%, Black = 41%.} 1-0

[Event "XVII MetLife Najdorf Open 2017"]
[Site "Warsaw"]
[Date "2017.07.10"]
[Round "2.33"]
[White "Reza, Wojciech"]
[Black "Prasanna Raghuram Rao"]
[Result "0-1"]
[WhiteElo "2258"]
[BlackElo "2466"]
[Annotator "ChessBase"]
[PlyCount "156"]
[EventDate "2017.??.??"]
[EventType "swiss"]
[EventCountry "POL"]
[SourceTitle "playchess.com"]
[Source "ChessBase"]
[SourceQuality "1"]
[TimeControl "40/5400+30:1800+30"]

1. e4 c5 2. Nf3 e6 3. b3 b6 4. Bd3 Bb7 5. O-O d6 6. Bb2 Nd7 7. Qe2 Ngf6 8. c3 g6 9. Bc2 Bg7 10. d4 O-O 11. Nbd2 Rc8 12. Rac1 Qc7 13. Bd3 Qb8 14. Rfe1 Rfd8 15. Ba6 Bxa6 16. Qxa6 b5 17. a4 bxa4 18. Qxa4 Nb6 19. Qa6 d5 20. e5 Nfd7 21. Ba3 Rc6 22. Ra1 Rdc8 23. Bxc5 Nxc5 24. dxc5 Rxc5 25. c4 dxc4 26. Nxc4 R8c7 27. Nxb6 axb6 28. b4 Rd5 29. Rad1 Ra7 30. Qe2 Rad7 31. g3 Qd8 32. Rc1 h6 33. Qa6 Qe7 34. Qxb6 Rb7 35. Rc8+ Kh7 36. Qc6 Qxb4 37. Rc7 Rxc7 38. Qxc7 Rd3 39. Re3 Rxe3 40. fxe3 Kg8 41. Qd8+ Bf8 42. Kf2 Qb2+ 43. Kf1 Qc2 44. Qd2 Qe4 45. Ke2 Qa8 46. Qc3 Qb7 47. Qd4 Kg7 48. Kf2 Qb5 49. Qc3 Qa4 50. Nd2 Qa8 51. Qd4 Qh1 52. Nf3 Qc1 53. Qd2 Qc6 54. Qd8 Qc2+ 55. Qd2 Qc7 56. Qb2 Bc5 57. Qc3 Qa7 58. Nd2 Be7 59. Nf3 Qb7 60. Ke2 g5 61. g4 Qb6 62. Qd3 Qa5 63. Qc4 Bc5 64. h4 Qa3 65. Qd3 Qa2+ 66. Kf1 gxh4 67. Qe2 Qb1+ 68. Kg2 Qe4 69. Kh3 Bxe3 70. Nxh4 Qh1+ 71. Kg3 Qg1+ 72. Kf3 Bg5 73. Ng2 Qh2 74. Ke4 Qh1 75. Kf3 Qh3+ 76. Ke4 Qc3 77. Qa2 Qc6+ 78. Kd4 Qf3 0-1

[Event "XVII MetLife Najdorf Open 2017"]
[Site "Warsaw"]
[Date "2017.07.10"]
[Round "2.34"]
[White "Yogesh, Gautam"]
[Black "Gusain, Himal"]
[Result "0-1"]
[WhiteElo "2243"]
[BlackElo "2461"]
[Annotator "TA"]
[PlyCount "56"]
[EventDate "2017.??.??"]
[EventType "swiss"]
[EventCountry "POL"]
[SourceTitle "playchess.com"]
[Source "ChessBase"]
[SourceQuality "1"]

{[%evp 19,56,14,12,-33,-34,-20,-34,-16,-20,-34,-36,-54,-46,-54,-39,-42,-44,-52,-38,-55,-10,-171,-167,-232,-261,-383,-325,-364,-348,-388,-377,-410,-362,-391,-331,-894,-902,-907,-893]} 1. e4 c5 2. Nf3 e6 3. d4 cxd4 4. Nxd4 Nc6 5. Nc3 a6 6. f4 Nxd4 7. Qxd4 b5 8. Be3 {B46: Sicilian: Taimanov: 5 Nc3 a6} Bb7 9. Be2 Rc8 10. a3 Nf6 {LiveBook: 4 Games} 11. O-O (11. Bf3 Rc4 12. Qd3 Qc7 13. O-O Bc5 14. Kh1 Bxe3 15. Qxe3 Qc5 {0-1 (53) Arribas Lopez,A (2559)-Ponomariov,R (2711) Linares 2015}) 11... Bc5 12. Qd3 Qb6 13. Bxc5 Qxc5+ 14. Kh1 {Threatening e5.} d5 $146 15. e5 Ne4 16. Nxe4 dxe4 17. Qg3 O-O $36 {[%mdl 2048] Black fights for an advantage.} 18. c3 Rcd8 {[%cal Bc8d8,Bd8d2,Bd2e2][%mdl 32]} 19. Rad1 e3 20. Bd3 $2 {[#]} (20. Rd6 $11 {and White has nothing to worry.}) 20... Be4 $1 $19 {[%cal Re4d3][%mdl 512]} 21. Bxe4 (21. Be2 {might work better.}) 21... e2 22. Rde1 (22. Bd3 $142 exf1=N 23. Rxf1) 22... exf1=Q+ (22... exf1=B 23. Rxf1 Rd2 24. b4 $19) 23. Rxf1 Rd2 24. f5 exf5 25. Bxf5 g6 26. h4 Re2 27. e6 $2 (27. Kh2) 27... fxe6 28. Qg4 Qc4 {Precision: White = 24%, Black = 83%.} ({Weaker is} 28... Rxf5 29. Qxe2 Qc4 30. Qxc4 $11) 0-1

[Event "XVII MetLife Najdorf Open 2017"]
[Site "Warsaw"]
[Date "2017.07.10"]
[Round "2.35"]
[White "Dzierzak, Radoslaw"]
[Black "Nasuta, Grzegorz"]
[Result "1-0"]
[WhiteElo "2231"]
[BlackElo "2455"]
[Annotator "ChessBase"]
[PlyCount "59"]
[EventDate "2017.??.??"]
[EventType "swiss"]
[EventCountry "POL"]
[SourceTitle "playchess.com"]
[Source "ChessBase"]
[SourceQuality "1"]
[TimeControl "40/5400+30:1800+30"]

1. e4 c5 2. Nf3 d6 3. d4 cxd4 4. Nxd4 Nf6 5. Nc3 a6 6. Bc4 e6 7. Bb3 b5 8. Bg5 Be7 9. Qf3 Qb6 10. O-O-O O-O 11. Rhe1 Nbd7 12. Qg3 Nc5 13. Bh6 Nxb3+ 14. axb3 Ne8 15. Nf5 exf5 16. exf5 Qd8 17. Rxe7 Qxe7 18. Nd5 Qe5 19. f4 Qxf5 20. Ne7+ Kh8 21. Nxf5 Bxf5 22. Qg5 Bg6 23. f5 gxh6 24. Qxh6 Ng7 25. g4 Kg8 26. h4 Rae8 27. f6 Ne6 28. Re1 Rc8 29. Rxe6 Rxc2+ 30. Kd1 1-0

[Event "XVII MetLife Najdorf Open 2017"]
[Site "Warsaw"]
[Date "2017.07.10"]
[Round "2.36"]
[White "Jarmula, Lukasz"]
[Black "Othman, A  Moussa"]
[Result "1-0"]
[WhiteElo "2444"]
[BlackElo "2277"]
[Annotator "TA"]
[PlyCount "89"]
[EventDate "2017.??.??"]
[EventType "swiss"]
[EventCountry "POL"]
[SourceTitle "playchess.com"]
[Source "ChessBase"]
[SourceQuality "1"]

{[%evp 14,89,40,19,37,12,25,25,25,25,25,18,24,18,24,26,26,22,22,20,35,18,24,19,32,8,7,4,6,0,37,39,56,54,54,54,52,52,78,61,107,107,157,144,140,71,95,93,86,57,50,33,210,209,206,223,206,387,377,301,373,360,276,377,355,295,301,285,1048,1039,1050,1017,532,341,5127,5065,5189,2983]} 1. e4 e6 2. d4 d5 3. Nc3 dxe4 4. Nxe4 Nd7 5. Nf3 Ngf6 6. Nxf6+ Nxf6 7. c3 c5 8. Ne5 a6 {C10: French with 3 Nc3: Unusual Black 3rd moves and 3...dxe4} 9. Qa4+ (9. Be3 Qc7 10. Qa4+ Bd7 11. Nxd7 Qxd7 12. Qxd7+ Nxd7 13. O-O-O cxd4 14. Bxd4 O-O-O 15. f4 Rg8 16. Bd3 {0-1 (56) Gao,R (2551)-Tiviakov,S (2609) Groningen 2016}) 9... Bd7 10. Nxd7 Qxd7 {White has an edge.} 11. Qxd7+ Nxd7 12. Be3 cxd4 13. Bxd4 e5 14. Be3 Bc5 15. Bxc5 Nxc5 16. O-O-O Rd8 $146 17. Bc4 Rxd1+ 18. Rxd1 $11 {[%mdl 4096] Endgame KRB-KRN} Ke7 19. Bd5 b6 20. b4 Ne6 21. Bb7 Nc7 22. Kc2 Rb8 23. Bc6 {[#] Hoping for Rd7+.} Rd8 24. Rxd8 Kxd8 $14 {KB-KN} 25. g4 Ke7 26. Bb7 h6 27. c4 Kd6 28. Kd3 g6 29. Ke4 ({White should play} 29. a4) 29... a5 $16 30. c5+ bxc5 31. bxa5 {Kd3 is the strong threat.} c4 32. a4 {Threatens to win with a6.} (32. a6 $5 {[%cal Ra6a7]}) 32... f5+ $2 (32... Kc5 $14) 33. gxf5 $18 gxf5+ 34. Kxf5 c3 35. Be4 Na6 36. h4 {[%cal Bh2h4,Bh4h5][%mdl 32]} Nc5 {[#]} 37. Bc2 $1 e4 38. Kf4 Kd5 {intending ...Kd4.} 39. Ke3 Kc4 40. h5 Kb4 $2 (40... Kd5 41. a6 Nxa6) 41. Kd4 Nb3+ 42. Kxe4 Nxa5 43. Kf5 Ka3 $2 (43... Kc4 44. Kg6 Nb3 45. Kxh6 Nd4) 44. Kg6 Kb2 45. Bf5 {Precision: White = 66%, Black = 52%.} 1-0

[Event "XVII MetLife Najdorf Open 2017"]
[Site "Warsaw"]
[Date "2017.07.10"]
[Round "2.37"]
[White "Shvayger, Yuliya"]
[Black "Michalczak, Thomas"]
[Result "1-0"]
[WhiteElo "2434"]
[BlackElo "2239"]
[Annotator "TA"]
[PlyCount "63"]
[EventDate "2017.??.??"]
[EventType "swiss"]
[EventCountry "POL"]
[SourceTitle "playchess.com"]
[Source "ChessBase"]
[SourceQuality "1"]

{[%evp 10,63,6,6,14,4,28,28,39,45,48,42,58,50,59,53,59,41,55,39,69,56,155,143,143,147,134,89,108,100,131,122,121,122,122,110,147,115,148,113,109,125,166,170,244,246,298,308,449,445,445,445,445,438,441,418]} 1. d4 d5 2. Bf4 Nf6 3. e3 Bf5 4. c3 c6 5. Nd2 e6 6. Ngf3 Qb6 {D02: 1 d4 d5 2 Nf3 sidelines, including 2...Nf6 3 g3 and 2...Nf6 3 Bf4} (6... Be7 7. h3 h6 8. Be2 Nbd7 9. O-O O-O 10. Ne5 Nxe5 11. Bxe5 a5 12. Qb3 Nd7 13. Bg3 Qb6 14. Qxb6 Nxb6 15. a4 Bg6 16. Rfe1 Nc8 {0-1 (61) Kamsky,G (2721)-Aronian,L (2803) Beijing 2013}) 7. Qb3 (7. Qc1 {seems wilder.} h6 8. c4 Be7 9. Be2 Nbd7 10. c5) 7... Nbd7 8. Nh4 Qxb3 {White has an edge.} 9. axb3 Bc2 10. Rc1 Be4 11. f3 ({Reject} 11. Nxe4 dxe4 12. g4 h6 $15) 11... Bg6 12. Nxg6 hxg6 13. g4 $146 ({Predecessor:} 13. h3 Nh5 14. Bh2 Be7 15. Bd3 Bh4+ 16. Kd1 Bg3 17. Bxg3 Nxg3 18. Re1 O-O 19. Nf1 Nxf1 20. Rxf1 Rfc8 {½-½ (20) Travnicek,P (2194)-Ruzicka,M (2059) Czechia 2007}) 13... Be7 14. b4 Nb6 15. Nb3 Nc4 (15... Nfd7 $14) 16. Bxc4 $1 $16 dxc4 {[#]} 17. Na5 $1 b5 18. e4 Kd7 19. b3 Rh3 20. Kf2 cxb3 21. Nxb3 Ne8 22. Ra1 f5 23. gxf5 gxf5 24. Kg2 Rh7 25. Ra6 g5 26. Be5 {And now Rha1 would win.} Bd6 (26... Nc7 $142 27. Bxc7 Kxc7) 27. Rha1 $18 Nc7 28. Rxa7 Bxe5 (28... Rxa7 $142 29. Rxa7 Bxe5 30. dxe5 fxe4) 29. Nc5+ {White is clearly winning.} (29. dxe5 Rah8 $16) 29... Kc8 30. Rxa8+ ({Less strong is} 30. dxe5 Rxa7 31. Rxa7 Rh4 $18) 30... Nxa8 31. Rxa8+ ({Not} 31. dxe5 Nc7 $18) 31... Bb8 32. e5 {Precision: White = 85%, Black = 32%.} 1-0

[Event "XVII MetLife Najdorf Open 2017"]
[Site "Warsaw"]
[Date "2017.07.10"]
[Round "2.38"]
[White "Szostko, Jakub"]
[Black "Percivaldi, Martin"]
[Result "0-1"]
[WhiteElo "2208"]
[BlackElo "2433"]
[Annotator "TA"]
[PlyCount "148"]
[EventDate "2017.??.??"]
[EventType "swiss"]
[EventCountry "POL"]
[SourceTitle "playchess.com"]
[Source "ChessBase"]
[SourceQuality "1"]

{[%evp 17,148,4,4,4,1,1,6,7,12,-12,2,-15,-12,-43,-48,-49,-53,-64,-26,-26,-33,-59,-68,-69,-56,-85,-76,-97,-97,-97,-89,-97,-97,-98,-79,-89,-81,-81,-63,-75,-80,-87,-83,-93,-81,-90,-77,-72,-72,-75,-78,-77,-79,-120,-108,-120,-109,-154,-154,-404,-404,-404,-404,-404,-397,-394,-394,-385,-379,-387,-383,-369,-358,-430,-412,-455,-447,-435,-417,-370,-347,-343,-306,-310,0,-281,-256,-493,-495,-469,-473,-590,-591,-760,-412,-481,-473,-2579,-2301,-29963,-29964,-29968,-29969,-29964,-12824,-4134,-12190,-29974,-29972,-29979,-29980,-29981,-29982,-29982,-29983,-29984,-29985,-29998,-29987,-29987,-29988,-29985,-29986,-29986,-29987,-29987,-29987,-29990,-29991,-29992,-29993,-29993,-29994]} 1. e4 e6 2. d4 d5 3. Nc3 Nf6 4. e5 Nfd7 5. f4 c5 6. Nf3 Nc6 7. Be3 a6 8. Qd2 b5 9. dxc5 Bxc5 10. Bd3 {C11: French: Classical System: 4 e5 and 4 Bg5 dxe4} Qb6 11. Bf2 h6 12. O-O {The position is equal.} Bxf2+ (12... O-O 13. Rae1 Ra7 14. f5 Bxf2+ 15. Rxf2 d4 16. Ne4 exf5 17. Ng3 f6 {½-½ (56) Yu,Y (2749)-Vitiugov,N (2720) Khanty-Mansiysk 2017}) 13. Rxf2 Nc5 14. a3 O-O 15. Re1 (15. b4 $5 {[%cal Rb4c5]} Nxd3 16. Qxd3 $15) 15... b4 $36 {[%mdl 2048] Black has the initiative.} 16. axb4 Qxb4 17. Nd1 Qxd2 18. Rxd2 {[#]} a5 $146 19. Nf2 Ba6 20. Bxa6 Rxa6 21. Nd4 Rb8 22. b3 a4 23. bxa4 Rb4 24. Nxc6 Rxc6 25. Nd3 Rd4 {[%mdl 1024] Black has strong compensation.} 26. a5 Ne4 27. Rde2 Nc3 28. Rf2 Ra4 29. a6 Rcxa6 30. f5 Ne4 31. Rf4 Rc6 32. fxe6 fxe6 33. Nf2 {[%cal Rf2e4]} Nc3 34. Rxa4 Nxa4 $17 {[%mdl 4096] Endgame KRN-KRN} 35. Re2 Nc3 36. Re1 Nb5 37. Rb1 Rxc2 38. Rxb5 $2 {[#] KRN-KR} (38. Nd3 $17 {was called for.} Nd4 39. Rb2) 38... Rc1+ $19 39. Nd1 Rxd1+ {KR-KR} 40. Kf2 Rd2+ 41. Kf3 Rd3+ 42. Kf2 Rd4 43. Rb8+ Kf7 44. Rb7+ Kg6 45. Re7 Kf5 46. Rxg7 Kxe5 47. Rh7 Rf4+ 48. Ke3 Rf6 49. Rd7 Rf8 50. Rh7 Rf6 51. Rd7 $1 Rg6 52. g3 $2 (52. Kf3) 52... Rf6 53. Rd8 Rf7 54. Rh8 d4+ {[%cal Bd5d4,Bd4d3][%mdl 32]} 55. Ke2 Rf6 56. Kd3 Rf3+ 57. Ke2 (57. Kd2 $142 Rf2+ 58. Kd3) 57... Ke4 58. Rxh6 d3+ 59. Kd2 Rf2+ 60. Ke1 Re2+ 61. Kd1 e5 62. g4 Rg2 {Black mates.} 63. g5 Rxg5 64. Rh4+ Ke3 {[%cal Rg5g1]} 65. Rh3+ Kd4 66. Rh7 e4 67. Rh8 Rf5 68. Ke1 Ke3 69. Rd8 d2+ 70. Rxd2 {[#]} Rf1+ $1 {[%mdl 512]} 71. Kxf1 Kxd2 72. h4 e3 73. h5 e2+ 74. Kg2 e1=Q {Precision: White = 26%, Black = 83%.} 0-1

[Event "XVII MetLife Najdorf Open 2017"]
[Site "Warsaw"]
[Date "2017.07.10"]
[Round "2.39"]
[White "Hnydiuk, Aleksander"]
[Black "Sahil, Tickoo"]
[Result "1-0"]
[WhiteElo "2422"]
[BlackElo "2234"]
[Annotator "TA"]
[PlyCount "73"]
[EventDate "2017.??.??"]
[EventType "swiss"]
[EventCountry "POL"]
[SourceTitle "playchess.com"]
[Source "ChessBase"]
[SourceQuality "1"]

{[%evp 18,73,19,22,28,32,39,0,37,0,0,0,-8,0,-6,-10,27,25,13,8,9,12,3,16,24,7,7,22,113,117,108,64,229,219,207,143,225,211,229,208,437,427,543,478,731,731,837,831,1131,1034,1208,1174,1147,1130,5297,5273,29985,29985]} 1. Nf3 d5 2. d4 Nf6 3. c4 e6 4. g3 Bb4+ 5. Bd2 Bd6 (5... Be7 6. Bg2 O-O 7. O-O Nbd7 8. a4 a5 9. Qc2 c6 10. Rc1 Ne4 11. Ne1 Nd6 12. Na3 b6 13. cxd5 cxd5 14. Qb3 Ba6 15. Nb5 Rc8 {½-½ (32) Aronian,L (2793)-Anand,V (2786) Stavanger 2017}) 6. Nc3 {E01: Catalan: Early deviations} O-O 7. Bg5 c6 8. Bg2 Nbd7 9. e4 dxe4 {[#]} 10. Nxe4 $1 {[%mdl 512] LiveBook: 9 Games} Bb4+ (10... Nxe4 11. Bxd8) 11. Nc3 h6 12. Bd2 (12. Bxf6 $5 Nxf6 13. O-O $14) 12... Re8 $146 (12... e5 $5) ({Predecessor:} 12... Bd6) 13. O-O e5 14. Re1 {[%cal Rd4e5]} exd4 15. Rxe8+ Qxe8 16. Nxd4 Qf8 17. a3 Bc5 18. Bf4 g5 19. Be3 Ne5 20. b4 {[%cal Bb2b4,Bb4b5,Bb5b6][%mdl 32]} Be7 21. Qe2 a5 22. b5 $36 {[%mdl 2048] Hoping for Bxg5! Black is under pressure.} c5 {[#]} (22... Bg4 $11 23. f3 Bd7) 23. Nf3 $1 $16 {[%cal Rf3e5,Bd4f3,Bf3d2,Bd2e4,Be4f6][%mdl 32]} Ng6 24. Nd2 Ng4 $2 ({Black should try} 24... Bg4 $14 25. Qf1 Rb8) 25. Nd5 $18 Rb8 26. b6 Bd7 (26... Bd6 $16) 27. Re1 Re8 {[#]} 28. Qd1 $1 Bd8 $2 (28... Bc8 29. Qa4 Rd8 30. Qxa5 Nxe3) 29. Ne4 Nxe3 30. Ndf6+ (30. fxe3 Re6 $16) (30. Nxe3 Bc6 $16) 30... Kh8 (30... Kg7 $142 31. Nxe8+ (31. Qxd7 Bxf6 32. fxe3 Re7 $18) 31... Bxe8 32. Rxe3 Be7) 31. Rxe3 ({Worse is} 31. Nxd7 Nxd1 32. Nxf8 Nb2 $11) ({Weaker is} 31. Qxd7 Bxf6 32. fxe3 (32. Nxf6 Re7 $16) 32... Re7 $18) 31... Bxf6 32. Nxf6 Rxe3 33. Nxd7 ({Not} 33. fxe3 Bc8 $16) 33... Qe7 34. fxe3 Qxe3+ 35. Kh1 Qxa3 36. Bxb7 Qb4 37. Bg2 {Precision: White = 67%, Black = 27%.} 1-0